01936nam a2200289 i 4500001001000000003000900010005001700019007000300036008004100039020001800080040003000098041000800128082002400136245014600160264004300306300005200349336002700401337003300428338002800461500004700489505090400536650005201440651004501492700003301537700003301570700004301603000042442DO-SdBNP20250604123109.0ta131202s2008 dr ab 000 0 spa d a9789993467502 aDO-SdBNPbspacBNPHUerda hspa 4a912.7293 bI31i22200aImágenes insulares :bcartografía histórica dominicana /ccompilador, José Chez Checo; fotografías, Silverio Vidal, Miriam Calzada. aSanto Domingo :bBanco Popular,c2008. a418 páginas :bilustraciones, mapas ;c27 cm. ardacontentbtexto2txt ardamediabsin mediación2n ardacarrierbvolumen2nc aIncluye datos biográficos del compilador aPresentación 15 -- Prólogo 17 -- A manera de introducción 25 -- Siglas 29 -- SOBRE CARTOGRAFÍA HISTÓRICA DOMINICANA 31 -- SIGLO XV 50 -- El Cibao : encuentro de Colón con los aborígenes 53 -- SIGLO XVI 58 --Urbanismo y cartografía de la ciudad colonial 61 -- Memorias de Francis Drake. Viaje a las Antillas occidentales 79 -- SIGLO XVII 92 -- Contrabando y despoblaciones 95 -- SIGLO XVIII 130 -- El Caribe : geografía y política internacional 133 -- El marco geográfico visto por los contemporáneos 173 -- La Española : ríos y el lago de Jaragua 217 -- SIGLO XIX 250 -- El nacimiento de una República 250 -- Cartografía moderna dominicana 301 -- SIGLO XX 328 -- Modernización y desarrollo 331 -- SIGLO XXI 382 -- Apéndice 390 -- Historia de la división territorial desde el tratado de Aranjuez (1777) hasta el 1943 393 -- Datos biográficos del compilador 417 0aCartografíazRepública DominicanaxHistoria 0aRepública DominicanaxHistoriavMapas 1 aVidal, Silverioefotografias1 aCalzada, Miriamefotografias1 aChez Checo, José,d1949-ecompilador